Datum a čas kvízu
35.5
Celkem bodů
Celkový počet nahraných bodů na tomto kvízu bez doplňovacích otázek.
4.
Pořadí na kvízu
Konečné umístění týmu na tomto kvízu.
Zaznamenané odpovědi
| # | Otázka | Odpověď | Body | Výsledky |
|---|---|---|---|---|
| 1. | Pražští zastupitelé schválili... | luskoun | 0 | |
| 2. | Jediná letadlová loď ruského n... | Kuzněcov | 0 | |
| 3. | Nejvíce nominací na Zlaté glób... | Scarlett Johanssonová, Adam Driver | 1 | |
| 4. | Moneta Money Bank podepsala sm... | Wüstenrot | 0 | |
| 5. | Světová antidopingová agentura... | o vyřazení ruských sportovců ze všech velkých soutěží (na 4 roky) | 1 | |
| 6. | Plzeňské Odumřelé buňky se v l... | vchod | 1 | |
| 7. | "Dám vám hádanku a když ji uhá... | kamizola | 1 | |
| 8. | Ty knedlíky připomínají vajíčk... | karety obrovské | 1 | |
| 9. | „Prase počká. Ty jsi přednější... | Pandrholo | 1 | |
| 10. | "Žvejka to je hrozný hnus, žve... | Willy Wonka | 0 |